| 000 | 00793nam a2200253Ia 4500 | ||
|---|---|---|---|
| 003 | OSt | ||
| 005 | 20220918170847.0 | ||
| 006 | a|||||r|||| 00| 0 | ||
| 007 | ta | ||
| 008 | 220917b |||||||| |||| 00| 0 eng d | ||
| 020 |
_a9780748611461 (pbk) _c1213.96 |
||
| 024 | _a238,161 | ||
| 037 |
_b3101, 12/11/2008, Bharat Scientific Syndicate _cTextual |
||
| 040 |
_aARTS _cARTS _beng |
||
| 041 |
_2eng _aeng |
||
| 082 | _aO111:gM, P7 | ||
| 100 |
_aKaplan Cora _916887 |
||
| 245 | 0 |
_aVictoriana _bHistories, fictions, criticism |
|
| 260 |
_aEdinburgh _bEdinburgh University Press _c2007 |
||
| 300 |
_aviii,173p. _ccm. |
||
| 650 | _aENGLISH LANGUAGE | ||
| 942 |
_hO111:gM, P7 _cTEXL _2CC |
||
| 999 |
_c136288 _d136288 |
||